Managing human resources / (Record no. 68820)

MARC details
000 -LEADER
fixed length control field 01042nam a22002777a 4500
005 - DATE AND TIME OF LATEST TRANSACTION
control field 20120801142643.0
008 - FIXED-LENGTH DATA ELEMENTS--GENERAL INFORMATION
fixed length control field 120801t xxu||||| |||| 00| 0 eng d
010 ## - LCCN (DPL NO)
LC control number ENG-105479
020 ## - INTERNATIONAL STANDARD BOOK NUMBER
International Standard Book Number 9788120345034
Terms of availability 595.00
035 ## - SYSTEM CONTROL NUMBER
System control number EN-89012
037 ## - SOURCE OF ACQUISITION
Source of stock number/acquisition DBAD/PUB
040 ## - CATALOGING SOURCE
Original cataloging agency DPL
Language of cataloging Eng
082 ## - DEWEY DECIMAL CLASSIFICATION NUMBER
Classification number 658.3
100 ## - MAIN ENTRY--PERSONAL NAME
Personal name Gomez-Mejia, Luis R.
9 (RLIN) 50692
245 ## - TITLE STATEMENT
Title Managing human resources /
Statement of responsibility, etc by Luis R. Gómez-Mejía, David B. Balkin [and] Robert L. Cardy
250 ## - EDITION STATEMENT
Edition statement 7th ed
260 ## - PUBLICATION, DISTRIBUTION, ETC. (IMPRINT)
Place of publication, distribution, etc New Delhi
Name of publisher, distributor, etc PHI Learning
Date of publication, distribution, etc 2012
270 ## - ADDRESS
Address M-97, Connaught Circus
City New Delhi
Postal code 110001
300 ## - PHYSICAL DESCRIPTION
Extent xxviii, 639 p. :
Other physical details ill.
Dimensions 29cm(pbk)
500 ## - GENERAL NOTE
General note Includes bibliographical references and indexes.
650 ## - SUBJECT ADDED ENTRY--TOPICAL TERM
Topical term or geographic name as entry element Personnel management.
9 (RLIN) 50693
700 ## - ADDED ENTRY--PERSONAL NAME
Personal name Balkin, David B.
Dates associated with a name 1948-
9 (RLIN) 50694
700 ## - ADDED ENTRY--PERSONAL NAME
Personal name Cardy, Robert L.
Dates associated with a name 1955-
9 (RLIN) 50695
942 ## - ADDED ENTRY ELEMENTS (KOHA)
Source of classification or shelving scheme Dewey Decimal Classification
Item type English Books
Classification part 658.3
Call number suffix GOM
Holdings
Withdrawn status Lost status Source of classification or shelving scheme Damaged status Not for loan Collection code Home library Current library Date acquired Source of acquisition Cost, normal purchase price Total Checkouts Full call number Barcode Date last seen Copy number Cost, replacement price Koha item type
    Dewey Decimal Classification   Not For Loan Non-fiction D.B.Act.Division D.B.Act.Division 01/08/2012 DBAD/PUB 595.00   658.3 GOM EN-89012 01/08/2012 1 595.00 English Books

© Delhi Public Library
Hit Counter
free hit counter